[Event "Barra de Sao Miguel op"]
[Site "Barra de Sao Miguel"]
[Date "2019.10.10"]
[Round "1"]
[White "Patriota, Ivia Santos"]
[Black "De Souza, Gilberto Ferreira"]
[Result "0-1"]
[WhiteElo "1800"]
[BlackElo "2111"]
[PlyCount "66"]
[EventDate "2019.10.10"]
[EventType "swiss"]
[EventRounds "7"]
[EventCountry "BRA"]
[SourceTitle "CBM 192 Extra"]
[Source "Chessbase"]
[SourceDate "2019.11.06"]
[SourceVersion "1"]
[SourceVersionDate "2019.11.06"]
[SourceQuality "1"]

1. e4 e6 2. Bd3 e5 3. b3 Bc5 4. Nf3 d6 5. 0-0 Bg4 6. Nc3 Nd7 7. Be2 Ngf6 8. d3 h6 9. h3 Bh5 10. Qd2 g5 11. Na4 g4 12. hxg4 Bxg4 13. Nxc5 Nxc5 14. Qc3 Ne6 15. Be3 c5 16. Rfe1 Nh5 17. d4 Bxf3 18. Bxf3 cxd4 19. Bxd4 exd4 20. Qd3 Nhf4 21. Qc4 Rc8 22. Qb5+ Kf8 23. e5 d5 24. g3 Rc3 25. gxf4 Rxf3 26. Qe2 Rxf4 27. Qd3 Qh4 28. Qg3 Rg8 29. Kf1 Qxg3 30. Ke2 Rxf2+ 31. Kd1 Qc3 32. Re2 Rg1+ 33. Re1 Rxe1# 0-1